Proti manipulacím ve výběrovém řízení.
Pokusy o zmanipulovanie výberového konania: vychádzajú z prijatých pravidiel, zo zloženia výberovej komisie, úplnosti a správnosti podkladov pre výber, zo záverečného rokovania výberovej komisie. Opatrenia pri príprave výberového konania. Poučenie členov komisie o najčastejších hodnotiteľských chybá...
Guardado en:
| Autor principal: | |
|---|---|
| Formato: | Capítulo de libro |
| Lenguaje: | checo |
| Materias: | |
| Etiquetas: |
Sin Etiquetas, Sea el primero en etiquetar este registro!
|
MARC
| LEADER | 00000naa a2200000 4500 | ||
|---|---|---|---|
| 001 | r004269 | ||
| 005 | 20221125080531.3 | ||
| 041 | 0 | |a cze | |
| 044 | |a [CS] | ||
| 245 | 1 | 0 | |a Proti manipulacím ve výběrovém řízení. |c Oldřich Čepelka |
| 520 | |a Pokusy o zmanipulovanie výberového konania: vychádzajú z prijatých pravidiel, zo zloženia výberovej komisie, úplnosti a správnosti podkladov pre výber, zo záverečného rokovania výberovej komisie. Opatrenia pri príprave výberového konania. Poučenie členov komisie o najčastejších hodnotiteľských chybách. | ||
| 610 | 2 | 0 | |a riadenie podnikové |
| 610 | 2 | 0 | |a rozhodovanie podnikové |
| 610 | 2 | 0 | |a súťaž verejná |
| 100 | 1 | |a Čepelka, Oldřich | |